000 00424nam a2200181Ia 4500
008 210210b1928 xxu||||| |||| 00| 0 eng d
041 _aeng
082 _a884/19
100 _aROY (Pi Si) Ed
245 _aMahabharata X: Anusasana parva
260 _aCalcutta
_b-
_c1928
650 _aX:
650 _aparva
650 _aMahabharata
650 _aAnusasana
690 _aSanskrit Purana & Smrithi
906 _a024427
999 _c149917
_d149917